000 00679nam a2200253Ia 4500
003 OSt
005 20221005065954.0
006 a|||||r|||| 00| 0
007 ta
008 221004b |||||||| |||| 00| 0 eng d
020 _a8172240325 (pbk)
024 _a122507
037 _bGift, 29/10/2012,
_cTextual
040 _aCRL
_cCRL
_beng
041 _2eng
_aeng
082 _aDelta2:3, M3
100 _aDatey K K
_9605161
245 0 _aYoga and your heart
260 _aMumbai
_bJaico Pub. India
_c1983
300 _a240p.
_ccm.
650 _aSPIRITUALISM
942 _hDelta2:3, M3
_cTEXL
_2cc
999 _c975461
_d975461